True story of the 3 little pigs! (The) : (Record no. 105140)
[ view plain ]
| 000 -LEADER | |
|---|---|
| fixed length control field | 00647nam a2200181 a 4500 |
| 005 - DATE AND TIME OF LATEST TRANSACTION | |
| control field | 20140412111342.0 |
| 008 - FIXED-LENGTH DATA ELEMENTS--GENERAL INFORMATION | |
| fixed length control field | 040517s19uu xx 00 eng d |
| 020 ## - INTERNATIONAL STANDARD BOOK NUMBER | |
| International Standard Book Number | 0-590-44357-7 |
| 050 ## - LIBRARY OF CONGRESS CALL NUMBER | |
| Classification number | TR(PS E |
| Item number | Tr76 1989 |
| 100 ## - MAIN ENTRY--PERSONAL NAME | |
| Personal name | Scieszka, Jon |
| 245 ## - TITLE STATEMENT | |
| Title | True story of the 3 little pigs! (The) : |
| Remainder of title | by A. Wolf; as told to jon Scieszka; illustrated by Lane Smith. |
| 260 ## - PUBLICATION, DISTRIBUTION, ETC. (IMPRINT) | |
| Place of publication, distribution, etc | New York: |
| Name of publisher, distributor, etc | Scholastic Inc., |
| Date of publication, distribution, etc | 1989. |
| 300 ## - PHYSICAL DESCRIPTION | |
| Extent | [28] p; ; ill. |
| 520 ## - SUMMARY, ETC. | |
| Summary, etc | The wolf gives is own outlandish version of what really happened when he tangled with the three little pigs. |
| 650 ## - SUBJECT ADDED ENTRY--TOPICAL TERM | |
| Topical term or geographic name as entry element | Wolves--Fiction |
| 650 ## - SUBJECT ADDED ENTRY--TOPICAL TERM | |
| Topical term or geographic name as entry element | Pigs--Fiction |
| Withdrawn status | Lost status | Damaged status | Home library | Current library | Shelving location | Date acquired | Source of acquisition | Cost, normal purchase price | Total Checkouts | Full call number | Barcode | Date last seen | Price effective from | Koha item type |
|---|---|---|---|---|---|---|---|---|---|---|---|---|---|---|
| Elizalde Library | Elizalde Library | Teachers Reference Section | 05/17/2004 | 108.25 | TR(PS E Tr76 1989 | E9478 | 04/12/2014 | 04/12/2014 | Books |